000 00730nam a2200265Ia 4500
005 20260320203150.0
008 008 262003s9999 xx 000 0 eng d
020 _a978-3-030-94433-9
037 _aEBOOK
040 _aCRL
040 _beng
040 _cCRL
041 _2eng
041 _aeng
084 _qCRL
100 _aGyula Klima, Peter G. Sobol, Peter Hartman, Jack Zupko
_91136936
245 0 _aJohn Buridan’s Questions on Aristotle’s De Anima – Iohannis Buridani Quaestiones in Aristotelis De Anima
260 _bSpringer
260 _c2023
650 _aPhilosophy
856 _uhttps://doi.org/10.1007/978-3-030-94433-9
942 _cEBOOK
999 _c1725606
_d1725606